Mathematical Topics in Fluid Mechanics : Proceedings of the summer course held in Lisbon, Portugal, September 9-13, 1991
Saved in:
| Corporate Author: | |
|---|---|
| Other Authors: | , |
| Format: | Book |
| Language: | English |
| Published: |
Burnt Mill, Harlow, Essex, England ; New York :
Longman Scientific & Technical : Wiley,
1992.
|
| Series: | Pitman research notes in mathematics series ;
274 |
| Subjects: | |
| Tags: |
Add Tag
No Tags, Be the first to tag this record!
|
MARC
| LEADER | 00000cam a2200000 i 4500 | ||
|---|---|---|---|
| 001 | 1/39722 | ||
| 008 | 941103s1992####enk| ||| |||| ||eng|| | ||
| 020 | |a 0582209544 | ||
| 035 | |l 10041078 | ||
| 035 | |a 1993 | ||
| 041 | 0 | |a eng | |
| 082 | 0 | |a 620.106 |2 (20) | |
| 245 | 1 | 0 | |a Mathematical Topics in Fluid Mechanics : |b Proceedings of the summer course held in Lisbon, Portugal, September 9-13, 1991 / |c J.F. Rodrigues and A. Sequeira, editors. |
| 260 | |a Burnt Mill, Harlow, Essex, England ; |a New York : |b Longman Scientific & Technical : |b Wiley, |c 1992. | ||
| 300 | |a 261 σ. : |b ill. ; |c 25 εκ. | ||
| 490 | 1 | |a (Pitman research notes in mathematics series |v ; 274) | |
| 504 | |a Περιέχει βιβλιογραφικές αναφορές. | ||
| 650 | 0 | 0 | |a Fluid mechanics |x Mathematics |x Congresses. |
| 700 | 1 | |a Rodrigues, Jose-Francisco, |e edt | |
| 700 | 1 | |a Sequeira, A. |q (Adelia) |e edt | |
| 710 | 1 | |a Summer course on Mathematical Topics in Fluid Mechanics. | |
| 830 | 0 | |a Pitman research notes in mathematics series ; |v 274 | |
| 852 | |a INST |b SAMOS |e 19941103 |h 620.106 MAT |p 005300007164 |q 005300007164 |t BK |y 0 | ||
| 909 | |a Σ |b 030642 | ||